[Event "Gatineau Printemps-B"]
[Site "Gatineau CAN"]
[Date "2017.03.21"]
[Round "1"]
[White "Sabourin, Yves"]
[Black "Traversy, Pierre"]
[Result "1-0"]
[WhiteElo "1499"]
[BlackElo "1232"]
[WhiteFideId "-1"]
[WhiteFideId "-1"]
[PlyCount "43"]
[GameId "2160767908478050"]
[EventDate "2017.03.21"]
[EventType "swiss"]
[EventRounds "4"]
[EventCountry "CAN"]
[SourceTitle "EXT 2022"]
[Source "ChessBase"]
[SourceDate "2021.10.06"]
[SourceVersion "1"]
[SourceVersionDate "2021.10.06"]
[SourceQuality "1"]

1. e4 c5 2. c3 e5 3. d4 cxd4 4. cxd4 exd4 5. Qxd4 Nc6 6. Qe3 d6 7. Bd3 Be6 8. Nc3 Be7 9. Nf3 h6 10. Nd5 Nf6 11. Nxe7 Qxe7 12. O-O a6 13. b3 Nb4 14. Rd1 Bg4 15. Ba3 Nc6 16. Bc2 Rd8 17. Qf4 Ne5 18. Nxe5 dxe5 19. Rxd8+ Qxd8 20. Qxe5+ Be6 21. Rd1 Qc8 22. Qd6 1-0

[Event "Gatineau Printemps-B"]
[Site "Gatineau CAN"]
[Date "2017.03.21"]
[Round "1"]
[White "Simard, Paul"]
[Black "Rioux, Jocelyn"]
[Result "0-1"]
[WhiteElo "1224"]
[BlackElo "1485"]
[WhiteFideId "-1"]
[WhiteFideId "-1"]
[PlyCount "80"]
[GameId "2160767908478051"]
[EventDate "2017.03.21"]
[EventType "swiss"]
[EventRounds "4"]
[EventCountry "CAN"]
[SourceTitle "EXT 2022"]
[Source "ChessBase"]
[SourceDate "2021.10.06"]
[SourceVersion "1"]
[SourceVersionDate "2021.10.06"]
[SourceQuality "1"]

1. e4 e6 2. Nf3 c5 3. Bc4 d5 4. Bd3 c4 5. Be2 dxe4 6. Ne5 b5 7. d3 f6 8. Ng4 exd3 9. cxd3 e5 10. Bf3 Bxg4 11. Bxg4 Nc6 12. dxc4 Qxd1+ 13. Bxd1 bxc4 14. O-O Bb4 15. a3 Ba5 16. b4 cxb3 17. Bxb3 f5 18. Bd2 Bxd2 19. Nxd2 Nd4 20. Ba4+ Ke7 21. Rfe1 Ke6 22. Rac1 Kd5 23. Nc4 e4 24. Nd2 Nf6 25. f3 Rac8 26. Kf2 Rxc1 27. Rxc1 Rb8 28. Bc2 Rb2 29. Ke3 f4+ 30. Kxf4 Ne2+ 31. Ke3 Nxc1 32. Bxe4+ Nxe4 33. fxe4+ Ke6 34. g4 Nb3 35. Nf3 h6 36. e5 Ra2 37. Ke4 Nd2+ 38. Ke3 Nxf3 39. Kxf3 Kxe5 40. h4 Rxa3+ 0-1

[Event "Gatineau Printemps-B"]
[Site "Gatineau CAN"]
[Date "2017.03.28"]
[Round "2"]
[White "Arcand, Pierre"]
[Black "Simard, Paul"]
[Result "1-0"]
[WhiteElo "1188"]
[BlackElo "1224"]
[WhiteFideId "-1"]
[WhiteFideId "-1"]
[PlyCount "109"]
[GameId "2160767908478052"]
[EventDate "2017.03.21"]
[EventType "swiss"]
[EventRounds "4"]
[EventCountry "CAN"]
[SourceTitle "EXT 2022"]
[Source "ChessBase"]
[SourceDate "2021.10.06"]
[SourceVersion "1"]
[SourceVersionDate "2021.10.06"]
[SourceQuality "1"]

1. e4 d6 2. Nf3 e5 3. Bb5+ Bd7 4. Bxd7+ Qxd7 5. Nc3 Nf6 6. d3 Be7 7. O-O h6 8. b3 b5 9. b4 Na6 10. a3 c5 11. bxc5 Nxc5 12. Rb1 Rb8 13. a4 a6 14. axb5 axb5 15. d4 Ncxe4 16. Nxe4 Nxe4 17. Qd3 Qb7 18. dxe5 Nc5 19. Qe3 d5 20. Ba3 Rc8 21. Qe2 Qa6 22. Qxb5+ Qxb5 23. Rxb5 O-O 24. Rd1 Rfe8 25. Bxc5 Bxc5 26. Rxd5 Ba7 27. Ne1 Rc7 28. Kf1 Rec8 29. f4 Rc4 30. g3 R4c5 31. Rbxc5 Bxc5 32. Nd3 Bb6 33. Ne1 Kf8 34. Ke2 Rc3 35. Rd3 Rc4 36. Kd2 Ra4 37. c3 Ra2+ 38. Nc2 Rb2 39. Kc1 Ra2 40. c4 Ra4 41. Rb3 Ba7 42. Ra3 Be3+ 43. Rxe3 Rxc4 44. Kd2 Ke7 45. Rc3 Ra4 46. Re3 Ke6 47. Kd3 Kf5 48. Re2 Ra5 49. Rf2 Rd5+ 50. Nd4+ Kg6 51. Ke4 Ra5 52. f5+ Kg5 53. Rf4 Ra1 54. Nf3+ Kh5 55. Rh4# 1-0

[Event "Gatineau Printemps-B"]
[Site "Gatineau CAN"]
[Date "2017.03.28"]
[Round "2"]
[White "Levesque, Jonathan"]
[Black "Bourbonnais, Luc"]
[Result "0-1"]
[WhiteElo "1189"]
[BlackElo "1271"]
[WhiteFideId "-1"]
[WhiteFideId "-1"]
[PlyCount "52"]
[GameId "2160767908478053"]
[EventDate "2017.03.21"]
[EventType "swiss"]
[EventRounds "4"]
[EventCountry "CAN"]
[SourceTitle "EXT 2022"]
[Source "ChessBase"]
[SourceDate "2021.10.06"]
[SourceVersion "1"]
[SourceVersionDate "2021.10.06"]
[SourceQuality "1"]

1. d4 Nf6 2. c4 g6 3. Nf3 Bg7 4. Nc3 O-O 5. Bg5 d6 6. e4 Nc6 7. d5 Nb8 8. Bd3 Nbd7 9. O-O a5 10. a3 b6 11. Qd2 Nc5 12. Bc2 Ba6 13. Nb5 Nfxe4 14. Bxe4 Nxe4 15. Qe2 Nxg5 16. Nxg5 e6 17. dxe6 Qxg5 18. Nxc7 Bb7 19. f4 Qc5+ 20. Rf2 Qxc7 21. Raf1 Bd4 22. f5 Qc6 23. Kh1 Bxf2 24. Rxf2 Qe4 25. exf7+ Rxf7 26. Qf1 Raf8 0-1

[Event "Gatineau Printemps-B"]
[Site "Gatineau CAN"]
[Date "2017.03.28"]
[Round "2"]
[White "Masse-Garneau, Anthony"]
[Black "Sabourin, Yves"]
[Result "0-1"]
[WhiteElo "1384"]
[BlackElo "1499"]
[WhiteFideId "-1"]
[WhiteFideId "-1"]
[PlyCount "78"]
[GameId "2160767908478054"]
[EventDate "2017.03.21"]
[EventType "swiss"]
[EventRounds "4"]
[EventCountry "CAN"]
[SourceTitle "EXT 2022"]
[Source "ChessBase"]
[SourceDate "2021.10.06"]
[SourceVersion "1"]
[SourceVersionDate "2021.10.06"]
[SourceQuality "1"]

1. d4 Nf6 2. c4 g6 3. Nc3 d5 4. cxd5 Nxd5 5. e4 Nf6 6. Be2 Bg7 7. Be3 O-O 8. Nf3 b6 9. h3 Bb7 10. Qc2 Nbd7 11. Rc1 Rc8 12. O-O c5 13. dxc5 Nxc5 14. Bxc5 Rxc5 15. Rfd1 Qc7 16. Qd3 Nxe4 17. Qd7 Nxc3 18. bxc3 Bxc3 19. Qxc7 Rxc7 20. Rd3 Rfc8 21. Rcd1 Bxf3 22. Bxf3 Bf6 23. Rd8+ Rxd8 24. Rxd8+ Kg7 25. Bd5 Rc1+ 26. Kh2 Rd1 27. Rd7 Rd2 28. Kg3 b5 29. Kf3 b4 30. Ke3 Rd1 31. Ke2 Rd4 32. Ke3 a5 33. g4 h6 34. f4 g5 35. fxg5 hxg5 36. h4 Rxg4 37. hxg5 Bxg5+ 38. Kd3 Bf6 39. Rc7 Rd4+ 0-1

[Event "Gatineau Printemps-B"]
[Site "Gatineau CAN"]
[Date "2017.03.28"]
[Round "2"]
[White "Raymond, Robert"]
[Black "Clermont, Yves"]
[Result "0-1"]
[WhiteElo "1273"]
[BlackElo "1209"]
[WhiteFideId "-1"]
[WhiteFideId "-1"]
[PlyCount "70"]
[GameId "2160767908478055"]
[EventDate "2017.03.21"]
[EventType "swiss"]
[EventRounds "4"]
[EventCountry "CAN"]
[SourceTitle "EXT 2022"]
[Source "ChessBase"]
[SourceDate "2021.10.06"]
[SourceVersion "1"]
[SourceVersionDate "2021.10.06"]
[SourceQuality "1"]

1. e4 c5 2. d3 e6 3. Nc3 d6 4. g3 Nf6 5. Bg2 Be7 6. Nf3 O-O 7. O-O Nc6 8. Re1 Bd7 9. e5 dxe5 10. Nxe5 Qc7 11. Nxd7 Qxd7 12. Ne4 Rad8 13. Bg5 Nxe4 14. Bxe7 Nxf2 15. Qf3 Nxd3 16. Bxf8 Nxe1 17. Rxe1 Kxf8 18. c3 Na5 19. b3 b5 20. Qe4 Qd2 21. Rf1 Ke7 22. Qxh7 Qxc3 23. Qh4+ f6 24. Qh7 f5 25. Qh4+ Qf6 26. Qf4 Qd4+ 27. Kh1 Qxf4 28. Rxf4 Rd2 29. h4 Rxa2 30. b4 c4 31. bxa5 c3 32. Rf1 Rb2 33. Rc1 c2 34. Kh2 b4 35. Bc6 b3 0-1

[Event "Gatineau Printemps-B"]
[Site "Gatineau CAN"]
[Date "2017.03.28"]
[Round "2"]
[White "Rioux, Jocelyn"]
[Black "Iyamuremye, Gervais"]
[Result "1-0"]
[WhiteElo "1485"]
[BlackElo "1434"]
[WhiteFideId "-1"]
[WhiteFideId "-1"]
[PlyCount "79"]
[GameId "2160767908478056"]
[EventDate "2017.03.21"]
[EventType "swiss"]
[EventRounds "4"]
[EventCountry "CAN"]
[SourceTitle "EXT 2022"]
[Source "ChessBase"]
[SourceDate "2021.10.06"]
[SourceVersion "1"]
[SourceVersionDate "2021.10.06"]
[SourceQuality "1"]

1. e4 e5 2. Nf3 d6 3. Bc4 Bg4 4. h3 Bh5 5. d3 Nf6 6. Nc3 Nc6 7. Be3 Be7 8. a3 a6 9. Ba2 b5 10. Nd5 Nd4 11. Nxf6+ Bxf6 12. Bxd4 exd4 13. Bd5 Rb8 14. Bc6+ Kf8 15. g4 Bg6 16. Qd2 Rb6 17. Bd5 c6 18. Ba2 Be5 19. Nxe5 dxe5 20. O-O-O f6 21. f4 Qd6 22. Rdf1 Ke7 23. f5 Bf7 24. Bxf7 Kxf7 25. g5 Ke8 26. Rhg1 Rb7 27. gxf6 Qxf6 28. Rg5 Kd8 29. Rfg1 Kc8 30. Qg2 Rg8 31. Qg3 Re7 32. h4 Kb7 33. h5 Qh6 34. Kd1 c5 35. Qh4 Qf6 36. R1g4 Rf7 37. h6 Qe7 38. Rxg7 Rgxg7 39. Qxe7+ Rxe7 40. Rxg7 1-0

[Event "Gatineau Printemps-B"]
[Site "Gatineau CAN"]
[Date "2017.03.28"]
[Round "2"]
[White "Traversy, Pierre"]
[Black "Legare, Gilles"]
[Result "1-0"]
[WhiteElo "1232"]
[BlackElo "1058"]
[WhiteFideId "-1"]
[WhiteFideId "-1"]
[PlyCount "175"]
[GameId "2160767908478057"]
[EventDate "2017.03.21"]
[EventType "swiss"]
[EventRounds "4"]
[EventCountry "CAN"]
[SourceTitle "EXT 2022"]
[Source "ChessBase"]
[SourceDate "2021.10.06"]
[SourceVersion "1"]
[SourceVersionDate "2021.10.06"]
[SourceQuality "1"]

1. d4 Nf6 2. Nf3 b6 3. c4 Bb7 4. Nc3 c6 5. e4 d6 6. Bd3 e6 7. Bg5 Be7 8. O-O Qc7 9. Re1 e5 10. d5 Nbd7 11. Nh4 O-O-O 12. Rc1 g6 13. Nb5 Qb8 14. Qa4 cxb5 15. cxb5+ Nc5 16. Be3 Kd7 17. Bxc5 dxc5 18. h3 Nh5 19. Nf3 Ke8 20. Qc2 Nf4 21. Bf1 Bd6 22. g3 Nh5 23. Be2 Bc8 24. Kh2 Qc7 25. Nd2 Qd7 26. Bg4 Qe7 27. Bxh5 gxh5 28. Nf3 h6 29. Rg1 Qf6 30. Qe2 Qe7 31. Rc3 Qd7 32. Qf1 Qe7 33. Nh4 Qg5 34. Qe2 Qf6 35. Rf3 Qg7 36. Nf5 Bxf5 37. Rxf5 Qg6 38. Qxh5 Rg8 39. Qf3 Rf8 40. Qa3 Bb8 41. Qf3 Rd7 42. Rf6 Qg7 43. Rf5 Rd6 44. Qa3 Qg6 45. Rxe5+ Kd7 46. Qa6 Rc8 47. Qb7+ Bc7 48. Rf5 h5 49. Re1 h4 50. g4 Kd8 51. Re3 f6 52. Ref3 Qg7 53. e5 Rd7 54. Rxf6 Bxe5+ 55. Kg2 Bxf6 56. Qa6 Bxb2 57. Qa4 Bd4 58. Qb3 Rd6 59. Rf5 Kc7 60. Qf3 Rf6 61. Qe4 Kb7 62. d6+ Kb8 63. Qf4 Qb7+ 64. Kg1 Qd7 65. Rxf6 Bxf6 66. Qxf6 Re8 67. a4 Re1+ 68. Kg2 Qb7+ 69. f3 Qc8 70. Kf2 Re6 71. Qf4 Ka8 72. g5 Qe8 73. Qd2 Kb8 74. d7 Qd8 75. f4 Kc7 76. f5 Rd6 77. Qf4 Qxd7 78. g6 Qg7 79. Kf3 Qc3+ 80. Kg4 Qd4 81. Qxd4 Rxd4+ 82. Kg5 Kd7 83. Kf6 Rxa4 84. g7 Rg4 85. Kf7 Rxg7+ 86. Kxg7 Ke7 87. f6+ Ke8 88. f7+ 1-0

[Event "Gatineau Printemps-B"]
[Site "Gatineau CAN"]
[Date "2017.04.04"]
[Round "3"]
[White "Arcand, Pierre"]
[Black "Masse-Garneau, Anthony"]
[Result "1/2-1/2"]
[WhiteElo "1188"]
[BlackElo "1384"]
[WhiteFideId "-1"]
[WhiteFideId "-1"]
[PlyCount "118"]
[GameId "2160767908478058"]
[EventDate "2017.03.21"]
[EventType "swiss"]
[EventRounds "4"]
[EventCountry "CAN"]
[SourceTitle "EXT 2022"]
[Source "ChessBase"]
[SourceDate "2021.10.06"]
[SourceVersion "1"]
[SourceVersionDate "2021.10.06"]
[SourceQuality "1"]

1. e4 c5 2. Nf3 d6 3. Bb5+ Bd7 4. Bxd7+ Nxd7 5. Nc3 a6 6. d3 g6 7. Bf4 Bg7 8. Qd2 Ngf6 9. O-O O-O 10. Bh6 Ng4 11. Bxg7 Kxg7 12. Qg5 Nge5 13. Nxe5 dxe5 14. Nd5 e6 15. Qxd8 Raxd8 16. Ne3 f5 17. f3 b5 18. c3 Nf6 19. Rad1 Rd7 20. f4 exf4 21. Rxf4 g5 22. Rff1 fxe4 23. dxe4 Rxd1 24. Nxd1 Nxe4 25. Re1 Rd8 26. h3 Kf7 27. Rf1+ Ke7 28. Ne3 Rd2 29. Nd1 Ng3 30. Re1 Re2 31. Rxe2 Nxe2+ 32. Kf2 Nf4 33. Kf3 h5 34. Nf2 c4 35. h4 Nd3 36. Nxd3 cxd3 37. Ke3 d2 38. Kxd2 Kf6 39. hxg5+ Kxg5 40. Ke2 Kf4 41. Kf2 h4 42. a4 e5 43. axb5 axb5 44. b3 e4 45. c4 bxc4 46. bxc4 e3+ 47. Ke2 Ke4 48. c5 Kd5 49. Kxe3 Kxc5 50. Kf3 h3 51. gxh3 Kd5 52. Kg4 Ke6 53. h4 Kf7 54. h5 Kg7 55. Kg5 Kh7 56. h6 Kh8 57. Kg6 Kg8 58. Kh5 Kh7 59. Kg5 Kh8 1/2-1/2

[Event "Gatineau Printemps-B"]
[Site "Gatineau CAN"]
[Date "2017.04.04"]
[Round "3"]
[White "Bourbonnais, Luc"]
[Black "Berthiaume, Serge"]
[Result "0-1"]
[WhiteElo "1271"]
[BlackElo "1494"]
[WhiteFideId "-1"]
[WhiteFideId "-1"]
[PlyCount "74"]
[GameId "2160767908478059"]
[EventDate "2017.03.21"]
[EventType "swiss"]
[EventRounds "4"]
[EventCountry "CAN"]
[SourceTitle "EXT 2022"]
[Source "ChessBase"]
[SourceDate "2021.10.06"]
[SourceVersion "1"]
[SourceVersionDate "2021.10.06"]
[SourceQuality "1"]

1. e4 c5 2. Nf3 Nc6 3. d3 g6 4. Nc3 Bg7 5. Be3 d6 6. h3 Nf6 7. d4 cxd4 8. Nxd4 O-O 9. Qd2 d5 10. Nxc6 bxc6 11. Rd1 Bb7 12. Bh6 Re8 13. Bxg7 Kxg7 14. Qe3 Qb6 15. Qxb6 axb6 16. f3 e5 17. exd5 cxd5 18. Bb5 Re7 19. a4 Rc8 20. Rd2 d4 21. Na2 Nd5 22. O-O Ne3 23. Rc1 Bc6 24. Bxc6 Rxc6 25. b3 Nd5 26. c4 Ne3 27. Nb4 Rd6 28. c5 bxc5 29. Rxc5 f5 30. a5 e4 31. Kf2 Nc4 32. bxc4 e3+ 33. Ke2 exd2+ 34. Kxd2 Rb7 35. Nd3 Kf6 36. h4 Rb3 37. Re5 Rxd3+ 0-1

[Event "Gatineau Printemps-B"]
[Site "Gatineau CAN"]
[Date "2017.04.04"]
[Round "3"]
[White "Iyamuremye, Gervais"]
[Black "Traversy, Pierre"]
[Result "1-0"]
[WhiteElo "1434"]
[BlackElo "1232"]
[WhiteFideId "-1"]
[WhiteFideId "-1"]
[PlyCount "75"]
[GameId "2160767908478060"]
[EventDate "2017.03.21"]
[EventType "swiss"]
[EventRounds "4"]
[EventCountry "CAN"]
[SourceTitle "EXT 2022"]
[Source "ChessBase"]
[SourceDate "2021.10.06"]
[SourceVersion "1"]
[SourceVersionDate "2021.10.06"]
[SourceQuality "1"]

1. e4 e5 2. Nf3 Nc6 3. Bc4 Be7 4. d3 h6 5. Nc3 d6 6. h3 Nf6 7. a3 a6 8. O-O b5 9. Ba2 Bb7 10. Nd5 Nxd5 11. Bxd5 Rb8 12. b4 Bf6 13. Nh2 Ne7 14. Bxb7 Rxb7 15. Ng4 Ng6 16. Qf3 Nh4 17. Nxf6+ Qxf6 18. Qxf6 gxf6 19. f4 exf4 20. Rxf4 Ng6 21. Rxf6 Ke7 22. Bb2 Ne5 23. Bxe5 dxe5 24. Raf1 Rh7 25. Rxa6 h5 26. Rff6 Kf8 27. Rh6 Kg7 28. Rxh7+ Kxh7 29. c4 bxc4 30. dxc4 Kg7 31. Kf2 c5 32. b5 Rd7 33. b6 Rb7 34. a4 Kf8 35. a5 Ke7 36. Ra7 Rd7 37. a6 Kd6 38. Rxd7+ 1-0

[Event "Gatineau Printemps-B"]
[Site "Gatineau CAN"]
[Date "2017.04.04"]
[Round "3"]
[White "Lepine, Louis"]
[Black "Levesque, Jonathan"]
[Result "0-1"]
[WhiteElo "1082"]
[BlackElo "1189"]
[WhiteFideId "-1"]
[WhiteFideId "-1"]
[PlyCount "96"]
[GameId "2160767908478061"]
[EventDate "2017.03.21"]
[EventType "swiss"]
[EventRounds "4"]
[EventCountry "CAN"]
[SourceTitle "EXT 2022"]
[Source "ChessBase"]
[SourceDate "2021.10.06"]
[SourceVersion "1"]
[SourceVersionDate "2021.10.06"]
[SourceQuality "1"]

1. d4 d5 2. Nf3 Nc6 3. Bf4 Nf6 4. e3 a6 5. Bd3 e6 6. O-O Bd6 7. Nc3 O-O 8. Ne2 Re8 9. c3 e5 10. Bg3 e4 11. Ne5 exd3 12. Nxd3 Ne4 13. f3 Nxg3 14. Nxg3 Qh4 15. Nf4 Bxf4 16. exf4 Qxf4 17. Re1 Bd7 18. Nh5 Rxe1+ 19. Qxe1 Qf5 20. Ng3 Qc2 21. Qe2 Qxe2 22. Nxe2 Re8 23. Nf4 Be6 24. Re1 Ne7 25. b3 g5 26. Nh5 Kh8 27. Re5 Rg8 28. Nf6 Rg6 29. Nh5 Nc6 30. Re3 b5 31. b4 f5 32. f4 Kg8 33. fxg5 Bf7 34. Nf6+ Kg7 35. h4 h6 36. Rf3 hxg5 37. h5 Rxf6 38. Rh3 Kh6 39. g4 fxg4 40. Rg3 Bxh5 41. Kg2 Rf3 42. Rxf3 gxf3+ 43. Kg3 Ne7 44. a4 Nf5+ 45. Kh3 g4+ 46. Kh2 g3+ 47. Kh3 Kg5 48. axb5 Bg4# 0-1

[Event "Gatineau Printemps-B"]
[Site "Gatineau CAN"]
[Date "2017.04.04"]
[Round "3"]
[White "Sabourin, Yves"]
[Black "Rioux, Jocelyn"]
[Result "1/2-1/2"]
[WhiteElo "1499"]
[BlackElo "1485"]
[WhiteFideId "-1"]
[WhiteFideId "-1"]
[PlyCount "127"]
[GameId "2160767908478062"]
[EventDate "2017.03.21"]
[EventType "swiss"]
[EventRounds "4"]
[EventCountry "CAN"]
[SourceTitle "EXT 2022"]
[Source "ChessBase"]
[SourceDate "2021.10.06"]
[SourceVersion "1"]
[SourceVersionDate "2021.10.06"]
[SourceQuality "1"]

1. e4 e6 2. d4 d5 3. exd5 exd5 4. Nf3 Nf6 5. Be2 Be7 6. O-O O-O 7. b3 Be6 8. Nbd2 Re8 9. c4 Nbd7 10. c5 c6 11. Bb2 b6 12. b4 a5 13. a3 axb4 14. axb4 Rxa1 15. Qxa1 Qa8 16. Bd3 Qxa1 17. Rxa1 Rb8 18. Bc3 bxc5 19. bxc5 Bg4 20. Ra6 Bxf3 21. gxf3 Rc8 22. Bc2 Nh5 23. Ra7 Nhf6 24. Ba5 Bd8 25. Bxd8 Rxd8 26. Rc7 Ra8 27. Bf5 Nf8 28. Rxc6 Nh5 29. Nb3 g6 30. Bc8 Nf4 31. Bb7 Re8 32. Kf1 N8e6 33. Rc8 Rxc8 34. Bxc8 Nc7 35. Ke1 Kf8 36. Kd2 Ke7 37. Kc3 Kd8 38. Bb7 Nh3 39. Kb4 Nxf2 40. c6 Nd3+ 41. Ka5 Nf4 42. Kb6 Nfe6 43. Ba6 Nxa6 44. Kxa6 Kc7 45. Kb5 Ng5 46. Kc5 Nxf3 47. Kxd5 Nxh2 48. Kc5 Ng4 49. d5 Ne5 50. d6+ Kc8 51. Kd5 f6 52. Nc5 h5 53. Ne6 h4 54. Nf4 g5 55. Nh3 g4 56. Nf4 h3 57. Ne2 h2 58. Ng3 Nxc6 59. Ke6 Nd4+ 60. Ke7 Nc6+ 61. Kxf6 Kd7 62. Kf5 Kxd6 63. Kxg4 Ne5+ 64. Kh3 1/2-1/2

[Event "Gatineau Printemps-B"]
[Site "Gatineau CAN"]
[Date "2017.04.04"]
[Round "3"]
[White "Simard, Paul"]
[Black "Legare, Gilles"]
[Result "1-0"]
[WhiteElo "1224"]
[BlackElo "1058"]
[WhiteFideId "-1"]
[WhiteFideId "-1"]
[PlyCount "93"]
[GameId "2160767908478063"]
[EventDate "2017.03.21"]
[EventType "swiss"]
[EventRounds "4"]
[EventCountry "CAN"]
[SourceTitle "EXT 2022"]
[Source "ChessBase"]
[SourceDate "2021.10.06"]
[SourceVersion "1"]
[SourceVersionDate "2021.10.06"]
[SourceQuality "1"]

1. e4 c5 2. c3 Nc6 3. d4 cxd4 4. cxd4 e6 5. Nf3 Nf6 6. Nbd2 Bb4 7. Bd3 d5 8. e5 Nh5 9. a3 Nf4 10. O-O Nxd3 11. axb4 Ndxb4 12. Nb3 Qc7 13. Nc5 Bd7 14. Nd3 O-O-O 15. Ng5 Be8 16. Qd2 Nxd3 17. Qxd3 h6 18. Nf3 h5 19. h3 Bd7 20. Bf4 Kb8 21. Nd2 Qb6 22. Qc3 Nxd4 23. Rfe1 Rc8 24. Qe3 Bb5 25. Nb3 Nxb3 26. Qxb3 Rc4 27. Be3 d4 28. Bd2 Rhc8 29. Ra5 a6 30. Raa1 Qa7 31. Qf3 Rc2 32. Bc1 d3 33. Be3 Qa8 34. Red1 Rxb2 35. Qxf7 Re2 36. Bb6 Rec2 37. Be3 Re2 38. Bd4 a5 39. Qxe6 d2 40. Qd6+ Rc7 41. Qf8+ Rc8 42. Qd6+ Rc7 43. Qf8+ Rc8 44. Qd6+ Rc7 45. Bb6 Qa6 46. Qxc7+ Ka8 47. Qc8# 1-0

[Event "Gatineau Printemps-B"]
[Site "Gatineau CAN"]
[Date "2017.04.11"]
[Round "4"]
[White "Berthiaume, Serge"]
[Black "Sabourin, Yves"]
[Result "1-0"]
[WhiteElo "1494"]
[BlackElo "1499"]
[WhiteFideId "-1"]
[WhiteFideId "-1"]
[PlyCount "99"]
[GameId "2160767908478064"]
[EventDate "2017.03.21"]
[EventType "swiss"]
[EventRounds "4"]
[EventCountry "CAN"]
[SourceTitle "EXT 2022"]
[Source "ChessBase"]
[SourceDate "2021.10.06"]
[SourceVersion "1"]
[SourceVersionDate "2021.10.06"]
[SourceQuality "1"]

1. c4 e5 2. Nc3 Nf6 3. g3 d5 4. cxd5 Nxd5 5. Bg2 Be6 6. Nf3 Bd6 7. d3 c6 8. Ng5 Nxc3 9. bxc3 Bc8 10. Ne4 Bc7 11. Ba3 f5 12. Nc5 b6 13. Nb3 Bd6 14. Qc1 Bb7 15. O-O O-O 16. Nd2 Qe7 17. Bxd6 Qxd6 18. Nc4 Qe7 19. Qa3 Qxa3 20. Nxa3 b5 21. Nxb5 Rc8 22. Nd6 Rc7 23. Nxb7 Rxb7 24. Rfb1 Rb6 25. c4 Nd7 26. Rxb6 Nxb6 27. Bxc6 Rc8 28. Bb5 Kf7 29. Kg2 Ke6 30. Kf3 Kd6 31. a4 Kc5 32. a5 Na8 33. Bd7 Rf8 34. Rb1 Rf7 35. Be6 Rf6 36. Rb5+ Kd6 37. Bg8 Nc7 38. Rb8 h6 39. Rb7 a6 40. Rb6+ Ke7 41. Rxf6 Kxf6 42. g4 f4 43. h4 g5 44. h5 Ke7 45. Ke4 Kf6 46. Bd5 Ne8 47. c5 Nc7 48. Bc4 Ne6 49. Bxe6 Kxe6 50. d4 1-0

[Event "Gatineau Printemps-B"]
[Site "Gatineau CAN"]
[Date "2017.04.11"]
[Round "4"]
[White "Lecorre, Joel"]
[Black "Iyamuremye, Gervais"]
[Result "0-1"]
[WhiteElo "1520"]
[BlackElo "1434"]
[WhiteFideId "-1"]
[WhiteFideId "-1"]
[PlyCount "100"]
[GameId "2160767908478065"]
[EventDate "2017.03.21"]
[EventType "swiss"]
[EventRounds "4"]
[EventCountry "CAN"]
[SourceTitle "EXT 2022"]
[Source "ChessBase"]
[SourceDate "2021.10.06"]
[SourceVersion "1"]
[SourceVersionDate "2021.10.06"]
[SourceQuality "1"]

1. e4 e5 2. Nf3 Nc6 3. Bc4 Be7 4. c3 Bf6 5. d4 d6 6. Be3 a6 7. a4 h6 8. h3 Nge7 9. d5 Na7 10. Qb3 O-O 11. O-O Ng6 12. Re1 Nh4 13. Nbd2 Nxf3+ 14. Nxf3 a5 15. Bd3 b6 16. c4 Bh4 17. Qc3 f5 18. exf5 Bxf5 19. Qc2 Bxd3 20. Qxd3 Bf6 21. Qe4 Nc8 22. Nd2 Bg5 23. Qg4 Bxe3 24. Rxe3 Rf7 25. Rg3 Ne7 26. Qe6 Qc8 27. Qxc8+ Rxc8 28. Ne4 Nf5 29. Rd3 Rcf8 30. Rb1 Nd4 31. b4 Ra8 32. c5 dxc5 33. bxc5 bxc5 34. Nxc5 Rd8 35. Ne6 Rxd5 36. Nxd4 exd4 37. Rc1 Rfd7 38. Rc6 R5d6 39. Rc5 Rd5 40. Rc6 Kf8 41. Kf1 Re7 42. Rc4 c5 43. Rc2 Rb7 44. Ke2 Rb4 45. Ra2 c4 46. Rf3+ Kg8 47. g4 d3+ 48. Kd2 Rb3 49. Ra1 c3+ 50. Kc1 c2 0-1

[Event "Gatineau Printemps-B"]
[Site "Gatineau CAN"]
[Date "2017.04.11"]
[Round "4"]
[White "Masse-Garneau, Anthony"]
[Black "Levesque, Jonathan"]
[Result "1-0"]
[WhiteElo "1384"]
[BlackElo "1189"]
[WhiteFideId "-1"]
[WhiteFideId "-1"]
[PlyCount "77"]
[GameId "2160767908478066"]
[EventDate "2017.03.21"]
[EventType "swiss"]
[EventRounds "4"]
[EventCountry "CAN"]
[SourceTitle "EXT 2022"]
[Source "ChessBase"]
[SourceDate "2021.10.06"]
[SourceVersion "1"]
[SourceVersionDate "2021.10.06"]
[SourceQuality "1"]

1. d4 d5 2. c4 c6 3. cxd5 cxd5 4. Nf3 Bg4 5. Ne5 Bf5 6. Nc3 Nf6 7. Qb3 e6 8. Qxb7 Nbd7 9. Nc6 Qc8 10. Qxc8+ Rxc8 11. Nxa7 Rc7 12. Nab5 Rb7 13. Bf4 Ne4 14. a4 Bb4 15. e3 O-O 16. Be2 Rxb5 17. Bxb5 Nxc3 18. O-O Nxb5 19. axb5 Bd3 20. Rfc1 Bxb5 21. Rc7 Be7 22. Raa7 Rd8 23. Rab7 Ra8 24. h3 Bh4 25. Rxb5 Nf6 26. Rbc5 Ra1+ 27. Rc1 Rxc1+ 28. Rxc1 h6 29. g3 Bg5 30. Bxg5 hxg5 31. b4 Kf8 32. b5 Nd7 33. Rc6 Ke7 34. b6 Nb8 35. Rc8 Na6 36. b7 Kd7 37. b8=Q Nxb8 38. Rxb8 Kc7 39. Rf8 1-0

[Event "Gatineau Printemps-B"]
[Site "Gatineau CAN"]
[Date "2017.04.11"]
[Round "4"]
[White "Raymond, Robert"]
[Black "Simard, Paul"]
[Result "0-1"]
[WhiteElo "1274"]
[BlackElo "1224"]
[WhiteFideId "-1"]
[WhiteFideId "-1"]
[PlyCount "102"]
[GameId "2160767908478067"]
[EventDate "2017.03.21"]
[EventType "swiss"]
[EventRounds "4"]
[EventCountry "CAN"]
[SourceTitle "EXT 2022"]
[Source "ChessBase"]
[SourceDate "2021.10.06"]
[SourceVersion "1"]
[SourceVersionDate "2021.10.06"]
[SourceQuality "1"]

1. e4 Nf6 2. e5 Nd5 3. d4 d6 4. Nf3 Nc6 5. Bb5 e6 6. O-O a6 7. Bxc6+ bxc6 8. Qd2 Be7 9. Nc3 Nb6 10. b3 h6 11. Re1 O-O 12. Qf4 dxe5 13. dxe5 Bb7 14. Rd1 Nd5 15. Nxd5 cxd5 16. c4 c6 17. Qg3 Kh7 18. Kh1 Qb6 19. Be3 Bc5 20. Nd4 Rad8 21. Nxe6 fxe6 22. Bxc5 Qxc5 23. Qd3+ Rf5 24. Qd4 Qxd4 25. Rxd4 Rxf2 26. Rdd1 Rdf8 27. Kg1 dxc4 28. Rd7 R8f7 29. Rxf7 Rxf7 30. bxc4 c5 31. Rb1 Be4 32. Rb6 Bd3 33. h3 Bxc4 34. a3 Rf5 35. Rc6 Rxe5 36. Rb6 Re1+ 37. Kf2 Rf1+ 38. Kg3 Kg6 39. Rc6 Rf5 40. h4 h5 41. Rb6 Re5 42. Rb2 Re3+ 43. Kf4 Rxa3 44. Rc2 Ra4 45. Rc3 Bd5+ 46. Ke5 c4 47. Rg3+ Kf7 48. Kd4 Ra1 49. Rg5 g6 50. g4 Rh1 51. gxh5 Rxh4+ 0-1